00394nam a2200145Ia 4500008004100000020001500041041001200056082001600068100002000084245007200104260003500176300000800211650001200219700001700231221030s9999 xx 000 0 und d a8121920922 aEnglish a105.23bBha aP. S. R. Bhatia 0aProfessional Communicaiton skillscby P. S. R. Bhatia, A. M. Sheikh bS. Chand & CoaNew Delhic2001 a177 aEnglish aA. M. Sheikh